000 00460nam a2200181Ia 4500
003 GCL
008 140319s9999 xx 000 0 eng d
040 _aGCL /
_cGCL
082 0 4 _aM
_bGIZA
_b209000
100 1 _aE&F. SPON LTD
245 1 0 _aDEBENI SUEF ET DE CHIZA: 32: ECHELLE 1: 200,00 /
_cE&F. SPON LTD
260 _a[S.N] :
_bE & FN SPON ،
_c1913
650 0 4 _aGIZA
650 0 4 _aBENI SUEF
650 0 4 _aFAYUM
650 0 4 _aLYBIQUE
942 _2ddc
_cMP
999 _c25764
_d25764